Acil kardiyoloji: acil kardiyak sorunar için kanıta dayalı kılavuz (Record no. 3786)

000 -LEADER
fixed length control field 01028nmm a2200325 a 4500
001 - CONTROL NUMBER
control field ocm000640563
003 - CONTROL NUMBER IDENTIFIER
control field TR-IsHL
005 - DATE AND TIME OF LATEST TRANSACTION
control field 20201028130011.0
008 - FIXED-LENGTH DATA ELEMENTS--GENERAL INFORMATION
fixed length control field 130927s2008 tu tur
007 - PHYSICAL DESCRIPTION FIXED FIELD--GENERAL INFORMATION
fixed length control field cr cn
020 ## - INTERNATIONAL STANDARD BOOK NUMBER
International Standard Book Number 9789756257180
035 ## - SYSTEM CONTROL NUMBER
System control number 640563
-- (N$T)
050 04 - LIBRARY OF CONGRESS CALL NUMBER
Classification number RC682
Item number .G48 2008
090 04 - LOCALLY ASSIGNED LC-TYPE CALL NUMBER (OCLC); LOCAL CALL NUMBER (RLIN)
Classification number (OCLC) (R) ; Classification number, CALL (RLIN) (NR) RC682
Local cutter number (OCLC) ; Book number/undivided call number, CALL (RLIN) .G48 2008
100 1# - MAIN ENTRY--PERSONAL NAME
Personal name Ghuran, Azad
245 10 - TITLE STATEMENT
Title Acil kardiyoloji: acil kardiyak sorunar için kanıta dayalı kılavuz
Medium [electronic resource] /
Statement of responsibility, etc. Azad Ghuran ; Neal Uren, James Nolan; ed. Ömer Kozan ; çev. İbrahim Keleş
250 ## - EDITION STATEMENT
Edition statement 1. bs.
260 ## - PUBLICATION, DISTRIBUTION, ETC.
Place of publication, distribution, etc. İstanbul :
Name of publisher, distributor, etc. Avrupa Tıp Kitapçılık,
Date of publication, distribution, etc. 2008
300 ## - PHYSICAL DESCRIPTION
Extent 280 p.
650 #4 - SUBJECT ADDED ENTRY--TOPICAL TERM
Topical term or geographic name entry element Tıp
650 #4 - SUBJECT ADDED ENTRY--TOPICAL TERM
Topical term or geographic name entry element Medicine
650 #0 - SUBJECT ADDED ENTRY--TOPICAL TERM
Topical term or geographic name entry element Kardiyoloji
650 #0 - SUBJECT ADDED ENTRY--TOPICAL TERM
Topical term or geographic name entry element Cardiology
650 #7 - SUBJECT ADDED ENTRY--TOPICAL TERM
Topical term or geographic name entry element MEDICAL / Cardiology
Source of heading or term bisacsh
700 1# - ADDED ENTRY--PERSONAL NAME
Personal name Uren, Neal
700 1# - ADDED ENTRY--PERSONAL NAME
Personal name Nolan, James
700 1# - ADDED ENTRY--PERSONAL NAME
Personal name Kozan, Ömer
700 1# - ADDED ENTRY--PERSONAL NAME
Personal name Keleş, İbrahim
856 40 - ELECTRONIC LOCATION AND ACCESS
Uniform Resource Identifier <a href="http://search.ebscohost.com/login.aspx?direct=true&scope=site&db=e011xww&AN=640563">http://search.ebscohost.com/login.aspx?direct=true&scope=site&db=e011xww&AN=640563</a>
Holdings
Withdrawn status Lost status Source of classification or shelving scheme Damaged status Not for loan Collection code Permanent Location Current Location Date acquired Total Checkouts Full call number Barcode Date last seen Price effective from Koha item type
        Online   Kıbrıs Amerikan Üniversitesi Kütüphanesi / American University of Cyprus Kıbrıs Amerikan Üniversitesi Kütüphanesi / American University of Cyprus 28.10.2020   RC682 .G48 2008 640563 28.10.2020 28.10.2020 E-Kitap
Devinim Yazılım Eğitim Danışmanlık tarafından Koha'nın orjinal sürümü uyarlanarak geliştirilip kurulmuştur.